National Parks In Colorado - Statistics

General Stats
  • This quiz has been taken 3 times
  • The average score is 5 of 11
Answer Stats
Type Answer % Correct
NP & PRES Great Sand Dunes
100%
NP Mesa Verde
100%
NP Rocky Mountain
100%
NP Black Canyon of the Gunnison
67%
NM Colorado
33%
NM Dinosaur
33%
NHS Sand Creek Massacre
33%
NHS Bent's Old Fort
0%
NRA Curecanti
0%
NM Florissant Fossil Beds
0%
NM Yucca House
0%
No matching quizzes found
Score Distribution
Percent of People with Each Score
Percentile by Number Answered
Your Score History
You have not taken this quiz